000 00689nam a22002172 4500
001 0000021016
005 20151021152603.0
008 120109s xx 000 0 eng d
020 _a8126512819 :
040 _aKABU
_cKABU
100 1 _aKaplan, Jack M.
_@0000181680
245 1 0 _aPatterns of entrepreneurship /
_cJack M. Kaplan.
250 _aWiley student ed.
260 _aNew Delhi :
_bWiley India,
_c2004.
300 _axv, 464 p.
650 0 _aEntrepreneurship.
_@0000148283
852 1 _9p960 KES
852 1 _9p960 KES
908 _a120109
950 _@1
999 _c1599
_d1599